[Event "7ème édition de l'open A de Provence"]
[Site "Salon de Provence"]
[Date "2016.07.09"]
[Round "4.1"]
[White "Vedmediuc, Serghei"]
[Black "Rausis, Igors"]
[Result "1/2-1/2"]
[WhiteElo "2442"]
[BlackElo "2582"]
[PlyCount "41"]
[EventDate "2016.??.??"]
[WhiteTeam "Gondrin Echecs Loisirs"]
[BlackTeam "Orcher la Tour"]

1. e4 c5 2. Nf3 g6 3. d4 cxd4 4. Nxd4 Nc6 5. Nc3 Bg7 6. Be3 Nf6 7. Bc4 O-O 8.
Bb3 d5 9. exd5 Na5 10. Nde2 b6 11. O-O Nxb3 12. axb3 Bb7 13. d6 exd6 14. f3 Re8
15. Qd2 a6 16. Rfe1 b5 17. Bd4 Rc8 18. Ng3 Qd7 19. Rxe8+ Rxe8 20. Re1 Rxe1+ 21.
Qxe1 1/2-1/2

[Event "7ème édition de l'open A de Provence"]
[Site "Salon de Provence"]
[Date "2016.07.09"]
[Round "4.2"]
[White "Midoux, Sebastien"]
[Black "Petrossian, Armen"]
[Result "1/2-1/2"]
[WhiteElo "2343"]
[BlackElo "2407"]
[PlyCount "89"]
[EventDate "2016.??.??"]
[WhiteTeam "CE Vitrolles"]
[BlackTeam "Marseille Echecs"]

1. e4 c6 2. d4 d5 3. e5 Bf5 4. h4 h6 5. g4 Be4 6. f3 Bh7 7. h5 e6 8. Bd3 Bxd3
9. Qxd3 Qa5+ 10. Nc3 Qa6 11. Qxa6 Nxa6 12. Be3 Ne7 13. f4 Rc8 14. Nge2 c5 15.
dxc5 Nxc5 16. Bxc5 Rxc5 17. O-O-O Nc6 18. Kb1 Be7 19. Nc1 Rc4 20. Nd3 a6 21.
Ne2 Nd4 22. Nxd4 Rxd4 23. Rhg1 O-O 24. Rdf1 f6 25. exf6 gxf6 26. f5 e5 27. Rd1
Kf7 28. c3 Re4 29. Rd2 Rd8 30. Kc2 d4 31. Nf2 Rf4 32. cxd4 Rdxd4 33. Rxd4 Rxd4
34. Rg2 Bc5 35. Nd1 Rf4 36. Nc3 b5 37. a3 b4 38. axb4 Rxb4 39. b3 Rf4 40. Kd3
Rd4+ 41. Kc2 Bb4 42. Rg3 Bxc3 43. Rxc3 Rxg4 44. Rc7+ Kg8 45. Rc6 1/2-1/2

[Event "7ème édition de l'open A de Provence"]
[Site "Salon de Provence"]
[Date "2016.07.09"]
[Round "4.3"]
[White "Maes, Wim"]
[Black "Kolb, Sebastien"]
[Result "1-0"]
[WhiteElo "2179"]
[BlackElo "2058"]
[PlyCount "77"]
[EventDate "2016.??.??"]
[WhiteTeam "Reims Echec et Mat"]
[BlackTeam "Salon Nostradamus"]

1. e4 c5 2. Nf3 Nc6 3. d3 g6 4. g3 Bg7 5. Bg2 d6 6. O-O e5 7. c3 Nge7 8. a3 O-O
9. b4 a6 10. Nbd2 h6 11. Bb2 Be6 12. Re1 Qd7 13. Nc4 Qc7 14. Nfd2 f5 15. Ne3 f4
16. Nd5 Qd8 17. Rb1 g5 18. Bf3 Ng6 19. Bg4 Bf7 20. Ba1 Nce7 21. c4 b6 22. bxc5
bxc5 23. Rb7 Nxd5 24. exd5 Rb8 25. Rd7 Qb6 26. Ne4 Rbd8 27. Rxd8 Rxd8 28. Bc3
Qc7 29. Qc2 Rb8 30. Rb1 Rxb1+ 31. Qxb1 Nf8 32. gxf4 gxf4 33. Qb3 Nd7 34. Qa4
Nf6 35. Nxf6+ Bxf6 36. Qxa6 Qe7 37. Qc8+ Kg7 38. Be6 Bg6 39. Qg8# 1-0

[Event "7ème édition de l'open A de Provence"]
[Site "Salon de Provence"]
[Date "2016.07.09"]
[Round "4.4"]
[White "Vavric, Pavel"]
[Black "Nobili, Denis"]
[Result "1-0"]
[WhiteElo "2337"]
[BlackElo "1995"]
[PlyCount "55"]
[EventDate "2016.??.??"]
[WhiteTeam "Gondrin Echecs Loisirs"]
[BlackTeam "L'Echiquier du Roy René"]

1. e4 e5 2. Nf3 Nc6 3. Bb5 a6 4. Ba4 Nf6 5. O-O Be7 6. Re1 b5 7. Bb3 d6 8. c3
O-O 9. h3 Bb7 10. d4 Re8 11. Ng5 Rf8 12. f4 h6 13. Nf3 exf4 14. Bxf4 Re8 15.
Nbd2 Bf8 16. Nh2 Qd7 17. Nhf1 Re7 18. Qf3 Ne8 19. Bc2 g6 20. h4 Bg7 21. h5 Kh7
22. hxg6+ fxg6 23. Qd3 Qg4 24. Bh2 Nf6 25. Re3 Nh5 26. Rf3 Rf8 27. Ne3 Qg5 28.
Rxf8 1-0

[Event "7ème édition de l'open A de Provence"]
[Site "Salon de Provence"]
[Date "2016.07.09"]
[Round "4.5"]
[White "Jackson, Thomas"]
[Black "Jeanjean, Dominique"]
[Result "0-1"]
[WhiteElo "2002"]
[BlackElo "2129"]
[PlyCount "88"]
[EventDate "2016.??.??"]
[WhiteTeam "Gondrin Echecs Loisirs"]
[BlackTeam "L'Echiquier du Roy René"]

1. d4 Nf6 2. c4 e6 3. Nc3 Bb4 4. a3 Bxc3+ 5. bxc3 O-O 6. e3 b6 7. Bd3 Bb7 8. f3
d6 9. Ne2 e5 10. O-O Nc6 11. e4 h6 12. d5 Na5 13. Ng3 Bc8 14. Be3 Bd7 15. h3
Nh7 16. f4 Qh4 17. Kh2 Nf6 18. f5 Ba4 19. Qf3 Bb3 20. Bf2 Bxc4 21. Bxc4 Nxc4
22. Qe2 Na5 23. Rfe1 Nb3 24. Nh1 Qxe4 25. Qxe4 Nxe4 26. Rxe4 Nd2 27. Rae1 Nxe4
28. Rxe4 Rfc8 29. Rc4 c6 30. Rxc6 Rxc6 31. dxc6 Rc8 32. Be3 Rxc6 33. Bd2 d5 34.
Nf2 f6 35. Kg3 g6 36. fxg6 Kg7 37. Kf3 Kxg6 38. Ke3 f5 39. g3 h5 40. Nd3 Kf6
41. h4 Ke6 42. Nb2 b5 43. Kd3 Ra6 44. a4 bxa4 0-1

[Event "7ème édition de l'open A de Provence"]
[Site "Salon de Provence"]
[Date "2016.07.09"]
[Round "4.6"]
[White "Moncamp, Gilles"]
[Black "Bohli, Adam"]
[Result "1-0"]
[WhiteElo "2101"]
[BlackElo "1650"]
[PlyCount "45"]
[EventDate "2016.??.??"]
[WhiteTeam "Echiquier Marseillais 1872"]
[BlackTeam "Marseille Echecs"]

1. e4 c6 2. d4 d5 3. e5 c5 4. c4 cxd4 5. Qxd4 Nc6 6. Qxd5 Qxd5 7. cxd5 Nxe5 8.
Nc3 Nf6 9. Bf4 Ng6 10. Be3 Bd7 11. Nf3 e6 12. dxe6 Bxe6 13. Bb5+ Bd7 14. O-O-O
Bb4 15. Rhe1 Bxc3 16. bxc3 O-O-O 17. Bc4 Bg4 18. Rxd8+ Rxd8 19. Bxa7 Bxf3 20.
gxf3 Rd7 21. Bd4 Rc7 22. Bd3 Nf4 23. Bf5+ 1-0

[Event "7ème édition de l'open A de Provence"]
[Site "Salon de Provence"]
[Date "2016.07.09"]
[Round "4.7"]
[White "Couderc, Christophe"]
[Black "Figier, Anthony"]
[Result "0-1"]
[WhiteElo "1978"]
[BlackElo "2070"]
[PlyCount "40"]
[EventDate "2016.??.??"]
[WhiteTeam "Salon Nostradamus"]
[BlackTeam "Marseille Echecs"]

1. d4 d5 2. c4 c6 3. Nf3 Nf6 4. Nc3 e6 5. Bg5 dxc4 6. e4 b5 7. e5 h6 8. Bh4 g5
9. Nxg5 hxg5 10. Bxg5 Nbd7 11. exf6 Qb6 12. g3 Bb7 13. Bg2 O-O-O 14. O-O Ne5
15. Qe2 Qxd4 16. Rad1 Nd3 17. Be3 Qxf6 18. Ne4 Qxb2 19. Qf3 f5 20. Ng5 Qf6 0-1

[Event "7ème édition de l'open A de Provence"]
[Site "Salon de Provence"]
[Date "2016.07.09"]
[Round "4.8"]
[White "Derige Kane, Yan"]
[Black "Mazzella, Enzo"]
[Result "1-0"]
[WhiteElo "1959"]
[BlackElo "2015"]
[PlyCount "103"]
[EventDate "2016.??.??"]
[WhiteTeam "Marseille Passion Echecs"]
[BlackTeam "Sanary Echecs"]

1. d4 Nf6 2. Bg5 e6 3. e3 c5 4. c3 cxd4 5. exd4 Be7 6. Nf3 b6 7. Bd3 Bb7 8.
Nbd2 h6 9. Bxf6 gxf6 10. Qe2 a6 11. O-O-O b5 12. Kb1 d5 13. Rhe1 Nc6 14. Nb3
Qb6 15. Bg6 Nd8 16. Bh5 a5 17. Qe3 Rc8 18. Rc1 a4 19. Nbd2 Ba6 20. a3 Qd6 21.
g3 Kd7 22. Nh4 Rc7 23. Ng2 Kc8 24. Nf4 Qc6 25. Nd3 Bb7 26. Nb4 Qb6 27. f4 Kb8
28. Qd3 Bc6 29. Re3 Bd6 30. Be2 Bd7 31. Bf1 Nb7 32. f5 Na5 33. Bh3 Bxb4 34.
cxb4 Rxc1+ 35. Kxc1 Rc8+ 36. Kb1 Nc4 37. Re2 Nxd2+ 38. Rxd2 Rc4 39. fxe6 Bxe6
40. Bf1 Qc7 41. Ka2 Qc8 42. Rf2 f5 43. Qe3 Rc2 44. Bxb5 Rxf2 45. Qxf2 Bd7 46.
Qe2 Kc7 47. Qe5+ Kd8 48. Qh8+ Kc7 49. Qxc8+ Kxc8 50. Bxd7+ Kxd7 51. b3 axb3+
52. Kxb3 1-0

[Event "7ème édition de l'open A de Provence"]
[Site "Salon de Provence"]
[Date "2016.07.09"]
[Round "4.9"]
[White "Baroyan, Davit"]
[Black "Benavides, Jeremy"]
[Result "1-0"]
[WhiteElo "1946"]
[BlackElo "1910"]
[PlyCount "67"]
[EventDate "2016.??.??"]
[WhiteTeam "Marseille Echecs"]
[BlackTeam "Salon Nostradamus"]

1. d4 Nf6 2. c4 g6 3. Nc3 Bg7 4. Nf3 d6 5. Bg5 O-O 6. e3 c5 7. Be2 Nc6 8. O-O
Qb6 9. Qd2 e6 10. dxc5 dxc5 11. Qc2 Nb4 12. Qb3 h6 13. Bh4 g5 14. Bg3 Nh5 15.
Na4 Qc6 16. Ne5 Bxe5 17. Bxe5 Bd7 18. Bxh5 Qxa4 19. Qc3 Qc2 20. Bd6 Rfc8 21.
Qf6 Qh7 22. Be5 Be8 23. f4 Nd3 24. Bc3 e5 25. fxg5 hxg5 26. Qxg5+ Qg7 27. Qxg7+
Kxg7 28. Rad1 Kh6 29. Bxf7 Bxf7 30. Rxf7 e4 31. Rdf1 Rg8 32. Rxb7 Raf8 33. Rxf8
Rxf8 34. Bg7+ 1-0

[Event "7ème édition de l'open A de Provence"]
[Site "Salon de Provence"]
[Date "2016.07.09"]
[Round "4.10"]
[White "San Marco, Jean"]
[Black "Busson, Benoist"]
[Result "0-1"]
[WhiteElo "1817"]
[BlackElo "1964"]
[PlyCount "43"]
[EventDate "2016.??.??"]
[WhiteTeam "La Ciotat Echecs (LCE)"]
[BlackTeam "Salon Nostradamus"]

1. Nf3 d5 2. e4 dxe4 3. Ng5 e5 4. Nxe4 f5 5. Bc4 Qd4 6. d3 fxe4 7. Bxg8 Rxg8 8.
Qh5+ g6 9. Qxh7 Be6 10. Qxc7 Rg7 11. Qxg7 Bxg7 12. Nc3 Nc6 13. Be3 Qb4 14. O-O
exd3 15. cxd3 Rd8 16. a3 Qh4 17. Ne4 Bh6 18. g3 Qh3 19. Bxh6 Qxh6 20. f4 Rxd3
21. Nf6+ Ke7 22. Ng8+ 0-1

[Event "7ème édition de l'open A de Provence"]
[Site "Salon de Provence"]
[Date "2016.07.09"]
[Round "4.11"]
[White "Mars, Fiona"]
[Black "Charvein, Gabriel"]
[Result "0-1"]
[WhiteElo "1706"]
[BlackElo "1951"]
[PlyCount "66"]
[EventDate "2016.??.??"]
[WhiteTeam "CE Vitrolles"]
[BlackTeam "Marseille Echecs"]

1. e4 c5 2. d4 e6 3. Nf3 Nf6 4. Nc3 cxd4 5. Nxd4 d6 6. Bc4 a6 7. O-O b5 8. Bd3
Bb7 9. Qe2 Nbd7 10. Nf3 b4 11. Nb1 Nc5 12. Nbd2 Be7 13. a3 Nxd3 14. Qxd3 bxa3
15. Rxa3 d5 16. Rb3 Qc7 17. Re1 dxe4 18. Nxe4 Bxe4 19. Rxe4 Nxe4 20. Qxe4 Rd8
21. Bd2 O-O 22. Rc3 Qa5 23. Ra3 Qb5 24. Rb3 Qd5 25. Qe2 Rc8 26. Bc3 Rfd8 27.
Kf1 Rc4 28. Qe5 Qd1+ 29. Ne1 Bf6 30. Qg3 Bxc3 31. Rxc3 Rxc3 32. Qxc3 h6 33. Qa5
Rd5 0-1

[Event "7ème édition de l'open A de Provence"]
[Site "Salon de Provence"]
[Date "2016.07.09"]
[Round "4.12"]
[White "Graille, Sebastien"]
[Black "Wilfert, Fabrice"]
[Result "0-1"]
[WhiteElo "1781"]
[BlackElo "1856"]
[PlyCount "86"]
[EventDate "2016.??.??"]
[WhiteTeam "Club Provence Echecs"]
[BlackTeam "Cheval Marin d'Istres-Fos"]

1. c4 f5 2. Nc3 Nf6 3. d4 e6 4. Bg5 Bb4 5. e3 b6 6. Nf3 Bb7 7. Bd3 Bxc3+ 8.
bxc3 O-O 9. O-O d6 10. Qe2 Nbd7 11. Nd2 Qe8 12. Bh4 g5 13. Bxg5 Qg6 14. f4 h6
15. Bxf6 Nxf6 16. Rab1 Rad8 17. d5 exd5 18. Rf3 Kh8 19. Rg3 Qh7 20. cxd5 Bxd5
21. a4 Rg8 22. Rxg8+ Rxg8 23. g3 Re8 24. Nf3 Ng4 25. Nh4 Rxe3 26. Qxg4 fxg4 27.
Bxh7 Kxh7 28. Rc1 a5 29. Nf5 Re4 30. Nd4 c5 31. Nf5 Rxa4 32. Nxd6 Ra2 33. Ne8
Rg2+ 34. Kf1 Rxh2 35. Re1 Rh1+ 36. Kf2 Rxe1 37. Kxe1 Kg6 38. Nc7 Bc4 39. Ne8 a4
40. Kd2 h5 41. f5+ Kg5 42. f6 Bf7 43. Ng7 Kxf6 0-1

[Event "7ème édition de l'open A de Provence"]
[Site "Salon de Provence"]
[Date "2016.07.09"]
[Round "4.13"]
[White "Salvi, Michel"]
[Black "Ammar, Sedrani"]
[Result "0-1"]
[WhiteElo "1721"]
[BlackElo "1818"]
[PlyCount "69"]
[EventDate "2016.??.??"]
[WhiteTeam "Cercle d'Echecs Aubagnais"]

1. e4 c5 2. Nf3 Nc6 3. d4 cxd4 4. Nxd4 Nf6 5. Nc3 e5 6. Ndb5 d6 7. Nd5 Nxd5 8.
exd5 Ne7 9. c4 Ng6 10. Bd3 a6 11. Nc3 Be7 12. O-O f5 13. Re1 O-O 14. b4 Bf6 15.
Bb2 Qb6 16. a3 e4 17. Na4 Qc7 18. Bxf6 Rxf6 19. Bf1 Bd7 20. Rc1 b6 21. Nc3 Ne5
22. f3 exf3 23. gxf3 Rh6 24. Kf2 Nxc4 25. Re7 Ne5 26. Nb5 Qd8 27. Rxd7 Nxd7 28.
Nc7 Qh4+ 29. Ke3 f4+ 30. Kd2 Rc8 31. Bxa6 Qf2+ 32. Qe2 Qd4+ 33. Bd3 Ne5 34. Rc3
Nxd3 35. Qxd3 0-1

[Event "7ème édition de l'open A de Provence"]
[Site "Salon de Provence"]
[Date "2016.07.09"]
[Round "4.14"]
[White "Piat, Jean-Pascal"]
[Black "Ouahhoud, Yassine"]
[Result "1-0"]
[WhiteElo "1758"]
[BlackElo "1714"]
[PlyCount "47"]
[EventDate "2016.??.??"]
[WhiteTeam "Cheval Marin d'Istres-Fos"]
[BlackTeam "Marseille Echecs"]

1. d4 Nf6 2. c4 e6 3. Nf3 d5 4. g3 Ne4 5. a3 c5 6. Bg2 Qa5+ 7. Nbd2 cxd4 8. O-O
Nxd2 9. Qxd2 Qxd2 10. Bxd2 Nc6 11. Rac1 dxc4 12. Rxc4 e5 13. Ng5 h6 14. Rxc6
hxg5 15. Bxg5 Rb8 16. Rcc1 Bd6 17. f4 Bh3 18. fxe5 Bxg2 19. Kxg2 Bxe5 20. Bf4
Bxf4 21. Rxf4 O-O 22. Rxd4 Rbd8 23. e3 Rfe8 24. Kf2 1-0

[Event "7ème édition de l'open A de Provence"]
[Site "Salon de Provence"]
[Date "2016.07.09"]
[Round "4.16"]
[White "Gamblin, Antoine"]
[Black "Jackson, Edgar"]
[Result "1-0"]
[WhiteElo "1633"]
[BlackElo "1723"]
[PlyCount "53"]
[EventDate "2016.??.??"]
[WhiteTeam "Marseille Echecs"]
[BlackTeam "Gondrin Echecs Loisirs"]

1. e4 c5 2. Nf3 e6 3. d4 cxd4 4. Nxd4 Nc6 5. Be2 Qc7 6. Nc3 Nf6 7. O-O Bb4 8.
Qd3 Ne5 9. Qg3 Bxc3 10. bxc3 Nxe4 11. Qxg7 Ng6 12. Bh5 Qe5 13. Qxe5 Nxe5 14.
Nb5 Nf6 15. Be2 Nd5 16. c4 a6 17. Nd6+ Ke7 18. Nxc8+ Raxc8 19. cxd5 Rxc2 20.
Bd1 Rcc8 21. dxe6 fxe6 22. Bb2 d6 23. f4 Ng6 24. Bxh8 Rxh8 25. Bb3 Rf8 26. g3
h5 27. Rae1 1-0

[Event "7ème édition de l'open A de Provence"]
[Site "Salon de Provence"]
[Date "2016.07.09"]
[Round "4.17"]
[White "Girard, Jean-Pierre"]
[Black "Ahmed Rashed Al Hefe"]
[Result "0-1"]
[WhiteElo "1787"]
[BlackElo "1588"]
[PlyCount "68"]
[EventDate "2016.??.??"]
[WhiteTeam "CE Vitrolles"]

1. e4 c5 2. Nf3 Nc6 3. d4 cxd4 4. Nxd4 Nf6 5. Nc3 g6 6. Be2 d6 7. Be3 Bg7 8.
O-O O-O 9. f4 Qb6 10. Kh1 Bd7 11. Bg1 Nxe4 12. Nxc6 Qxc6 13. Nd5 Rfe8 14. Rb1
Be6 15. c4 Nf6 16. Bf3 Qd7 17. b4 Nxd5 18. cxd5 Bf5 19. Rc1 h5 20. Bd4 Bh6 21.
Qd2 Rec8 22. Bb2 Bg7 23. Bxg7 Kxg7 24. Rxc8 Rxc8 25. Qd4+ Kg8 26. Re1 b6 27. h3
Rc2 28. a4 Bxh3 29. Qe3 Bxg2+ 30. Bxg2 Qg4 31. Qe4 Rxg2 32. Qxg2 Qh4+ 33. Kg1
Qxe1+ 34. Kh2 h4 0-1

[Event "7ème édition de l'open A de Provence"]
[Site "Salon de Provence"]
[Date "2016.07.09"]
[Round "4.18"]
[White "Khalifah, Khaled"]
[Black "Colandrea, Sauveur"]
[Result "1-0"]
[WhiteElo "1486"]
[BlackElo "1758"]
[PlyCount "101"]
[EventDate "2016.??.??"]
[BlackTeam "Puy Ste Réparade"]

1. d4 d5 2. Bf4 c5 3. e3 Nc6 4. Nf3 e6 5. c3 Bd6 6. Bg3 Nf6 7. Bd3 O-O 8. Nbd2
cxd4 9. exd4 Qc7 (9... Bd7 10. Qe2 Re8 11. Ne5 a6 12. O-O g6 13. Ndf3 Nh5 14.
Bh4 Nf4 15. Qe3) 10. Qe2 Re8 11. Ne5 a6 12. O-O g6 13. Ndf3 Nh5 14. Bh4 Nf4 15.
Qe3 Nxd3 16. Nxd3 Ne7 17. Bf6 Nf5 18. Qd2 Be7 19. Be5 Qd8 20. h3 f6 21. Bh2 Bd6
22. Bxd6 Nxd6 23. Rfe1 Ne4 24. Qc2 Qc7 25. Nd2 Ng5 26. f4 Nf7 27. Nf3 Nd6 28.
Nf2 Bd7 29. Ng4 Kg7 30. Nd2 Nf5 31. Rf1 Nxd4 32. Qd3 Nf5 33. c4 dxc4 34. Nxc4
Bb5 35. Rac1 Rad8 36. Qc3 Bxc4 37. Nxf6 Qb6+ 38. Rf2 Re7 39. Nd5+ Qd4 40. Nxe7
Nxe7 41. Qxc4 Qb6 42. a3 Rd4 43. Qc5 Qd8 44. Qe5+ Kf7 45. Re2 Qb6 46. Kh2 Nd5
47. Rce1 Rxf4 48. Qxe6+ Qxe6 49. Rxe6 Rf2 50. Rd6 Nf6 51. Rb6 1-0

[Event "7ème édition de l'open A de Provence"]
[Site "Salon de Provence"]
[Date "2016.07.09"]
[Round "4.19"]
[White "Benezra, Esther"]
[Black "Sanchez, Frederic"]
[Result "0-1"]
[WhiteElo "1575"]
[BlackElo "1732"]
[PlyCount "50"]
[EventDate "2016.??.??"]
[WhiteTeam "L'Echiquier du Roy René"]
[BlackTeam "Salon Nostradamus"]

1. e4 c6 2. d4 d5 3. exd5 cxd5 4. Bd3 Nc6 5. c3 Nf6 6. h3 g6 7. Nf3 Bg7 8. O-O
O-O 9. Re1 Qc7 10. Nbd2 Nd7 11. Nf1 e5 12. dxe5 Ndxe5 13. Bf4 Nxf3+ 14. Qxf3
Qb6 15. Rab1 Qa5 16. a3 Be6 17. Qg3 Rac8 18. h4 d4 19. cxd4 Nxd4 20. Ne3 Rfe8
21. Ng4 Qh5 22. Ne5 Bf5 23. Bxf5 Qxf5 24. Nf3 Ne2+ 25. Rxe2 Qxb1+ 0-1

[Event "7ème édition de l'open A de Provence"]
[Site "Salon de Provence"]
[Date "2016.07.09"]
[Round "4.20"]
[White "Boghossian, Hugo"]
[Black "Mohamed Saeed Laily"]
[Result "0-1"]
[WhiteElo "1682"]
[BlackElo "1589"]
[PlyCount "62"]
[EventDate "2016.??.??"]
[WhiteTeam "CE Vitrolles"]

1. e4 c5 2. c3 Nf6 3. e5 Nd5 4. d4 cxd4 5. cxd4 Nc6 6. Bc4 Nb6 7. Bb3 e6 8. Nf3
d6 9. O-O Be7 10. Nc3 dxe5 11. dxe5 O-O 12. Bc2 Qc7 13. Qd3 g6 14. Re1 Nb4 15.
Qe4 Nxc2 16. Qxc2 Rd8 17. Bg5 Bxg5 18. Nxg5 Kg7 19. Rac1 Qe7 20. Nce4 Nd5 21.
Nd6 Nf4 22. Nge4 Qh4 23. Re3 Qg4 24. f3 Qh5 25. Ng3 Qh4 26. Rc3 Bd7 27. Rc7 Nd5
28. Rxb7 Qd4+ 29. Kh1 Rac8 30. Nxc8 Rxc8 31. Qxc8 Bxc8 0-1

[Event "7ème édition de l'open A de Provence"]
[Site "Salon de Provence"]
[Date "2016.07.09"]
[Round "6.1"]
[White "Vedmediuc, Serghei"]
[Black "Petrossian, Armen"]
[Result "1/2-1/2"]
[WhiteElo "2442"]
[BlackElo "2407"]
[PlyCount "59"]
[EventDate "2016.??.??"]
[WhiteTeam "Gondrin Echecs Loisirs"]
[BlackTeam "Marseille Echecs"]

1. d4 d5 2. c4 dxc4 3. e3 e5 4. Bxc4 exd4 5. exd4 Nf6 6. Nf3 Bd6 7. Qe2+ Qe7 8.
Qxe7+ Bxe7 9. O-O O-O 10. Re1 Bb4 11. Nc3 Nbd7 12. Bg5 h6 13. Bh4 c6 14. Bb3
Nd5 15. Bxd5 cxd5 16. Re3 Bxc3 17. Rxc3 Re8 18. Bg3 f6 19. Rac1 Nf8 20. Rc5 Be6
21. h3 Rac8 22. Bd6 Ng6 23. Rc7 Red8 24. Bg3 Rxc7 25. Rxc7 Rd7 26. Rc8+ Kf7 27.
Ra8 a6 28. a3 Ne7 29. Kf1 Nc6 30. Bf4 1/2-1/2

[Event "7ème édition de l'open A de Provence"]
[Site "Salon de Provence"]
[Date "2016.07.09"]
[Round "6.2"]
[White "Vavric, Pavel"]
[Black "Maes, Wim"]
[Result "1/2-1/2"]
[WhiteElo "2337"]
[BlackElo "2179"]
[PlyCount "63"]
[EventDate "2016.??.??"]
[WhiteTeam "Gondrin Echecs Loisirs"]
[BlackTeam "Reims Echec et Mat"]

1. d4 Nf6 2. Nc3 d5 3. Bf4 c6 4. e3 Bf5 5. f3 e6 6. g4 Bg6 7. h4 h6 8. h5 Bh7
9. Bd3 Bd6 10. Nge2 Qc7 11. Bxh7 Nxh7 12. Bxd6 Qxd6 13. Qd3 Nd7 14. O-O-O O-O-O
15. e4 dxe4 16. Nxe4 Qe7 17. Rhe1 Nhf6 18. N2g3 Kb8 19. Kb1 Nb6 20. Nxf6 Qxf6
21. Ne4 Qf4 22. Nc5 Rhe8 23. a4 Nd7 24. Nxd7+ Rxd7 25. Qe3 Qxe3 26. Rxe3 Red8
27. Red3 Kc7 28. b3 Rd5 29. f4 b5 30. axb5 cxb5 31. Kb2 b4 32. c4 1/2-1/2

[Event "7ème édition de l'open A de Provence"]
[Site "Salon de Provence"]
[Date "2016.07.09"]
[Round "6.3"]
[White "Midoux, Sebastien"]
[Black "Jeanjean, Dominique"]
[Result "1-0"]
[WhiteElo "2343"]
[BlackElo "2129"]
[PlyCount "41"]
[EventDate "2016.??.??"]
[WhiteTeam "CE Vitrolles"]
[BlackTeam "L'Echiquier du Roy René"]

1. d4 Nf6 2. Bf4 d5 3. e3 c5 4. c3 Qb6 5. Qb3 Nc6 6. Nf3 Bf5 7. dxc5 Qxb3 8.
axb3 Nd7 9. b4 e5 10. Bg3 Bxb1 11. Rxb1 f6 12. Bb5 Be7 13. O-O a5 14. Ra1 Kf7
15. c4 d4 16. exd4 exd4 17. bxa5 Nxc5 18. Bxc6 bxc6 19. Nxd4 Rhc8 20. b4 Nb7
21. c5 1-0

[Event "7ème édition de l'open A de Provence"]
[Site "Salon de Provence"]
[Date "2016.07.09"]
[Round "6.5"]
[White "Kolb, Sebastien"]
[Black "Figier, Anthony"]
[Result "0-1"]
[WhiteElo "2058"]
[BlackElo "2070"]
[PlyCount "82"]
[EventDate "2016.??.??"]
[WhiteTeam "Salon Nostradamus"]
[BlackTeam "Marseille Echecs"]

1. e4 Nf6 2. e5 Nd5 3. d4 d6 4. c4 Nb6 5. exd6 cxd6 6. Nc3 g6 7. Be3 Bg7 8. Nf3
O-O 9. Rc1 Bg4 10. h3 Bxf3 11. Qxf3 Nc6 12. Qd1 d5 13. b3 dxc4 14. d5 Bxc3+ 15.
Rxc3 Nxd5 16. Rxc4 Nxe3 17. Qxd8 Nxg2+ 18. Bxg2 Rfxd8 19. Bxc6 bxc6 20. Rxc6
Rdc8 21. Rxc8+ Rxc8 22. Kd2 Kg7 23. Re1 Kf6 24. Kd3 e5 25. b4 g5 26. a4 Ke6 27.
b5 f5 28. Rb1 Kd5 29. b6 e4+ 30. Kd2 axb6 31. Rxb6 Ke5 32. a5 Kf4 33. a6 Rc4
34. a7 Ra4 35. Rb7 Kf3 36. Rxh7 Kxf2 37. Re7 Ra2+ 38. Kc3 e3 39. Kb3 Rxa7 40.
Rxa7 e2 41. Ra5 f4 0-1

[Event "7ème édition de l'open A de Provence"]
[Site "Salon de Provence"]
[Date "2016.07.09"]
[Round "6.6"]
[White "Mazzella, Enzo"]
[Black "Benavides, Jeremy"]
[Result "1/2-1/2"]
[WhiteElo "2015"]
[BlackElo "1910"]
[PlyCount "58"]
[EventDate "2016.??.??"]
[WhiteTeam "Sanary Echecs"]
[BlackTeam "Salon Nostradamus"]

1. e4 Nc6 2. Nf3 d6 3. d4 Bg4 4. Be3 Nf6 5. Nc3 e5 6. Be2 Bxf3 7. Bxf3 exd4 8.
Bxd4 Nxd4 9. Qxd4 Be7 10. g3 O-O 11. O-O-O Nd7 12. Nd5 Bf6 13. Qb4 Nb6 14. Rhe1
a5 15. Qb5 Nxd5 16. exd5 Ra6 17. c3 Qa8 18. Re2 g6 19. Rde1 Kg7 20. h4 a4 21.
a3 Ra5 22. Qb4 Rc5 23. h5 Qa6 24. Qf4 h6 25. Kb1 Qb5 26. hxg6 Rxc3 27. Rd1 Qb3
28. Rh1 Bg5 29. Qd4+ Bf6 1/2-1/2

[Event "7ème édition de l'open A de Provence"]
[Site "Salon de Provence"]
[Date "2016.07.09"]
[Round "6.7"]
[White "Jackson, Thomas"]
[Black "Ahmed Rashed Al Hefe"]
[Result "1/2-1/2"]
[WhiteElo "2002"]
[BlackElo "1588"]
[PlyCount "39"]
[EventDate "2016.??.??"]
[WhiteTeam "Gondrin Echecs Loisirs"]

1. d4 Nf6 2. Bg5 e6 3. e4 h6 4. Bxf6 Qxf6 5. Nc3 c5 6. e5 Qd8 7. dxc5 Bxc5 8.
Qg4 O-O 9. Ne4 Be7 10. O-O-O Nc6 11. f4 f5 12. exf6 Bxf6 13. Nxf6+ Qxf6 14. g3
d5 15. Qe2 Bd7 16. Nf3 Rac8 17. Kb1 a6 18. Bg2 Nb4 19. c3 Bb5 20. Qd2 1/2-1/2

[Event "7ème édition de l'open A de Provence"]
[Site "Salon de Provence"]
[Date "2016.07.09"]
[Round "6.8"]
[White "Derige Kane, Yan"]
[Black "Nobili, Denis"]
[Result "1-0"]
[WhiteElo "1959"]
[BlackElo "1995"]
[PlyCount "79"]
[EventDate "2016.??.??"]
[WhiteTeam "Marseille Passion Echecs"]
[BlackTeam "L'Echiquier du Roy René"]

1. d4 d5 2. c4 c6 3. Nf3 Nf6 4. Nc3 dxc4 5. a4 Bf5 6. Ne5 e6 7. e3 Bb4 8. Bd2
O-O 9. Bxc4 Nbd7 10. Nxd7 Qxd7 11. O-O Rfd8 12. Ne2 Bd6 13. f3 Bg6 14. Qe1 Qc7
15. h3 Qe7 16. Rc1 Rac8 17. e4 e5 18. Be3 b6 19. Qf2 h6 20. Rfd1 Kh8 21. Rd3
Rd7 22. Bb5 Rdc7 23. Ba6 Rd8 24. Rcd1 Rcd7 25. dxe5 Bxe5 26. Nd4 b5 27. axb5 c5
28. Nc6 Rxd3 29. Rxd3 Rxd3 30. Nxe7 Rd1+ 31. Qf1 Bh2+ 32. Kf2 Bg3+ 33. Ke2 Rxf1
34. Kxf1 Nd7 35. Ke2 Bh5 36. Kd3 Bd6 37. Nc8 Bb8 38. Kc4 f6 39. Bxc5 Ne5+ 40.
Kc3 1-0

[Event "7ème édition de l'open A de Provence"]
[Site "Salon de Provence"]
[Date "2016.07.09"]
[Round "6.9"]
[White "Charvein, Gabriel"]
[Black "San Marco, Jean"]
[Result "1/2-1/2"]
[WhiteElo "1951"]
[BlackElo "1817"]
[PlyCount "90"]
[EventDate "2016.??.??"]
[WhiteTeam "Marseille Echecs"]
[BlackTeam "La Ciotat Echecs (LCE)"]

1. e4 c5 2. Nf3 Nc6 3. d4 cxd4 4. Nxd4 Nf6 5. Nc3 e5 6. Ndb5 d6 7. Nd5 Nxd5 8.
exd5 Nb8 9. c4 Be7 10. Bd3 O-O 11. O-O a6 12. Nc3 f5 13. Kh1 e4 14. Bc2 Nd7 15.
g4 Nf6 16. f3 fxg4 17. fxe4 Qe8 18. Ne2 Qh5 19. Nf4 Qh4 20. Qe1 Nd7 21. Qxh4
Bxh4 22. Be3 Ne5 23. b3 Bd7 24. Ng2 Be7 25. Bb6 Rf3 26. Rxf3 gxf3 27. Ne3 g6
28. Bd4 Rf8 29. c5 Ng4 30. Nxg4 Bxg4 31. cxd6 Bxd6 32. e5 Be7 33. Bf2 Bh3 34.
Re1 Bb4 35. Rd1 Bg2+ 36. Kg1 Bc3 37. Bg3 Bh3 38. e6 Bb4 39. Bd3 Bc5+ 40. Bf2
Bd6 41. Bf1 Bxf1 42. Rxf1 g5 43. Bg3 Bc5+ 44. Bf2 Bd6 45. Bg3 Bc5+ 1/2-1/2

[Event "7ème édition de l'open A de Provence"]
[Site "Salon de Provence"]
[Date "2016.07.09"]
[Round "6.10"]
[White "Baroyan, Davit"]
[Black "Khalifah, Khaled"]
[Result "1-0"]
[WhiteElo "1946"]
[BlackElo "1486"]
[PlyCount "47"]
[EventDate "2016.??.??"]
[WhiteTeam "Marseille Echecs"]

1. e4 c5 2. Nf3 a6 3. c3 Nf6 4. e5 Nd5 5. d4 cxd4 6. Bc4 Nb6 7. Bxf7+ Kxf7 8.
Ng5+ Ke8 9. Qf3 Qc7 10. O-O dxc3 11. Rd1 Qxe5 12. Qf7+ Kd8 13. Ne6+ Qxe6 14.
Qxe6 d6 15. Qb3 N6d7 16. Nxc3 Nc6 17. Be3 b5 18. a4 Na5 19. Qc2 b4 20. Nd5 Nb7
21. Nc7 b3 22. Qc3 Rb8 23. Ba7 Nbc5 24. Bxb8 1-0